[Event "RUS-chT2"]
[Site "Sochi"]
[Date "2022.05.10"]
[Round "9.3"]
[White "Zverev, Lev"]
[Black "Arbuzov, Mikhail"]
[Result "1-0"]
[WhiteElo "2117"]
[BlackElo "2181"]
[PlyCount "105"]
[EventDate "2022.05.01"]
[EventType "team-swiss"]
[EventRounds "9"]
[EventCountry "RUS"]
[SourceTitle "CBM 208 Extra"]
[Source "ChessBase"]
[SourceDate "2022.07.31"]
[SourceVersion "1"]
[SourceVersionDate "2022.07.31"]
[SourceQuality "1"]
[WhiteTeam "Moscow Botvinnik School"]
[BlackTeam "Moscow Northern Character II"]
[WhiteTeamCountry "RUS"]
[BlackTeamCountry "RUS"]

1. e4 c6 2. d4 d5 3. e5 Bf5 4. Nf3 e6 5. Be2 Nd7 6. 0-0 a6 7. Nbd2 c5 8. c4 Ne7 9. cxd5 Nxd5 10. Nc4 b5 11. Ne3 Be4 12. a4 b4 13. Nc4 Be7 14. Bg5 0-0 15. Bxe7 Nxe7 16. Nd6 Bd5 17. dxc5 Nxc5 18. Rc1 Ne4 19. Nc4 Ng6 20. Ne3 Nf4 21. Nxd5 exd5 22. g3 Ne6 23. Nd4 Qd7 24. Nc6 N4c5 25. Nxb4 d4 26. b3 Qb7 27. Rc4 Rac8 28. Bf3 Qb6 29. Nd5 Qb8 30. Ne7+ Kh8 31. Nxc8 Rxc8 32. Bd5 Rd8 33. Bxe6 Nxe6 34. f4 d3 35. Rf2 Qb6 36. b4 h6 37. Qd2 Qb7 38. h4 Qd5 39. Rc3 Qd4 40. f5 Nf8 41. Kg2 Qxb4 42. Rxd3 Qe4+ 43. Rff3 Rc8 44. Kh3 Qxe5 45. Rd8 Qc7 46. Rfd3 Kh7 47. Kh2 Rxd8 48. Rxd8 Qe7 49. Kh3 g6 50. f6 Qa3 51. a5 Ne6 52. Qxh6+ Kxh6 53. Rh8# 1-0

[Event "Orsha op-A 20th"]
[Site "Orsha"]
[Date "2022.02.08"]
[Round "9"]
[White "Sahakyan, Arman K"]
[Black "Arbuzov, Mikhail"]
[Result "0-1"]
[WhiteElo "1937"]
[BlackElo "2202"]
[PlyCount "158"]
[EventDate "2022.02.02"]
[EventType "swiss"]
[EventRounds "9"]
[EventCountry "BLR"]
[SourceTitle "EXT 2023"]
[Source "ChessBase"]
[SourceDate "2022.10.05"]
[SourceVersion "1"]
[SourceVersionDate "2022.10.05"]
[SourceQuality "1"]

1. c4 e5 2. g3 Nf6 3. Bg2 d5 4. cxd5 Nxd5 5. Nc3 Nb6 6. Nf3 Nc6 7. 0-0 Be7 8. a3 a5 9. d3 0-0 10. Be3 Be6 11. Rc1 f6 12. Na4 Nd5 13. Bc5 Bf7 14. Nd2 Rc8 15. Bh3 Rb8 16. Ne4 b6 17. Bxe7 Ncxe7 18. Qd2 c5 19. Nec3 Nc7 20. Ne4 h6 21. Qd1 Nb5 22. Nd2 Nd4 23. Nc3 Nec6 24. Bg2 Qd7 25. Re1 Rfd8 26. Qa4 Ne7 27. Qd1 f5 28. Nc4 Bxc4 29. dxc4 e4 30. e3 Ndc6 31. Qh5 Ne5 32. Red1 Qe6 33. b3 Kh7 34. Qe2 Rd3 35. Rxd3 Nxd3 36. Rd1 Ng6 37. g4 fxg4 38. Bxe4 Nde5 39. Nd5 Kh8 40. Nf4 Nxf4 41. exf4 Nd7 42. Qd3 Nf6 43. Bf5 Qf7 44. Re1 Rf8 45. Qd6 Ne8 46. Qe5 Qxf5 47. Qxf5 Rxf5 48. Rxe8+ Kh7 49. Rb8 Rf6 50. Kg2 h5 51. Rb7 Kh6 52. Rb8 g6 53. h4 gxh3+ 54. Kxh3 Rxf4 55. Rxb6 Rxf2 56. Rb5 Rb2 57. Kg3 g5 58. Rb6+ Kg7 59. a4 Rc2 60. Kf3 h4 61. Kg4 Rg2+ 62. Kh3 Rg3+ 63. Kh2 Rc3 64. Rc6 Rxb3 65. Rxc5 Kg6 66. Rxa5 Rb2+ 67. Kh3 Rb3+ 68. Kh2 g4 69. Rb5 Ra3 70. a5 Ra2+ 71. Kg1 g3 72. Rb8 Kg5 73. Rg8+ Kf4 74. a6 Rxa6 75. Rf8+ Kg4 76. Rg8+ Kh3 77. Kf1 Kh2 78. c5 Ra1+ 79. Ke2 g2 0-1

[Event "Moscow City Team-ch"]
[Site "Moscow"]
[Date "2021.09.16"]
[Round "6"]
[White "Arbuzov, Mikhail"]
[Black "Yashmetov, Mikhail"]
[Result "1/2-1/2"]
[WhiteElo "2183"]
[BlackElo "2249"]
[PlyCount "26"]
[EventDate "2021.09.11"]
[EventType "team-swiss"]
[EventRounds "7"]
[EventCountry "RUS"]
[SourceTitle "EXT 2022"]
[Source "ChessBase"]
[SourceDate "2021.10.06"]
[SourceVersion "1"]
[SourceVersionDate "2021.10.06"]
[SourceQuality "1"]

1. d4 Nf6 2. c4 g6 3. Nc3 d5 4. cxd5 Nxd5 5. e4 Nxc3 6. bxc3 c5 7. Nf3 Bg7 8. Be3 Qa5 9. Nd2 0-0 10. Nb3 Qxc3+ 11. Bd2 Qb2 12. Bc1 Qc3+ 13. Bd2 Qb2 1/2-1/2

[Event "Moscow City Team-ch"]
[Site "Moscow"]
[Date "2021.09.12"]
[Round "2"]
[White "Shvedova, Alexandra"]
[Black "Arbuzov, Mikhail"]
[Result "0-1"]
[WhiteElo "2049"]
[BlackElo "2183"]
[PlyCount "82"]
[EventDate "2021.09.11"]
[EventType "team-swiss"]
[EventRounds "7"]
[EventCountry "RUS"]
[SourceTitle "EXT 2022"]
[Source "ChessBase"]
[SourceDate "2021.10.06"]
[SourceVersion "1"]
[SourceVersionDate "2021.10.06"]
[SourceQuality "1"]

1. e4 c6 2. d4 d5 3. e5 Bf5 4. h4 h6 5. g4 Bd7 6. h5 c5 7. c3 Nc6 8. Bg2 cxd4 9. cxd4 Qb6 10. Bxd5 e6 11. Bxc6 Bxc6 12. Rh3 Rd8 13. Ne2 Ne7 14. Nbc3 Nd5 15. Nxd5 Rxd5 16. Bd2 Be7 17. f4 Rxd4 18. Qb3 Rxd2 19. Kxd2 Bb4+ 20. Kc1 Qc5+ 21. Qc2 Qf2 22. Rg3 0-0 23. g5 Rc8 24. Rc3 Bxc3 25. bxc3 Bb5 26. Nd4 Qxf4+ 27. Kb2 Be8 28. gxh6 Qxh6 29. Qg2 Rc5 30. Rg1 Rxe5 31. Qg3 f6 32. Nf3 Rb5+ 33. Ka1 Bxh5 34. Qb8+ Kh7 35. Nd4 Rb6 36. Qxa7 Qe3 37. Qxb6 Qxg1+ 38. Kb2 e5 39. Qb5 Qh2+ 40. Nc2 Bg6 41. Qa4 Qxc2+ 0-1

[Event "St Petersburg Korchnoi Memorial op"]
[Site "St Petersburg"]
[Date "2019.08.22"]
[Round "9"]
[White "Arbuzov, Mikhail"]
[Black "Titov, Alexander"]
[Result "1-0"]
[WhiteElo "2198"]
[BlackElo "1961"]
[PlyCount "75"]
[EventDate "2019.08.14"]
[EventType "swiss"]
[EventRounds "9"]
[EventCountry "RUS"]
[SourceTitle "CBM 192"]
[Source "ChessBase"]
[SourceDate "2019.10.31"]
[SourceVersion "1"]
[SourceVersionDate "2019.10.31"]
[SourceQuality "1"]

1. d4 d5 2. c4 e6 3. Nc3 Nf6 4. cxd5 exd5 5. Bg5 Be7 6. e3 0-0 7. Bd3 c6 8. Qc2 Nbd7 9. Nge2 Re8 10. 0-0 h6 11. Bh4 Nf8 12. f3 c5 13. Qd2 Ne6 14. Bb5 Bd7 15. Bxd7 Qxd7 16. dxc5 g5 17. Bf2 Bxc5 18. Rfd1 Rad8 19. Qd3 Ng7 20. Nd4 a6 21. Nce2 Rc8 22. h3 h5 23. Ng3 Bxd4 24. Qxd4 Qe6 25. Qd3 g4 26. hxg4 hxg4 27. Rd2 gxf3 28. gxf3 Rc4 29. Kg2 Rh4 30. Rh1 Rxh1 31. Kxh1 Qh3+ 32. Kg1 Re5 33. Qf1 Qh6 34. Qg2 Rg5 35. Kf1 Ngh5 36. Nf5 Ng3+ 37. Nxg3 Nh5 38. f4 1-0

[Event "St Petersburg Korchnoi Memorial op"]
[Site "St Petersburg"]
[Date "2019.08.20"]
[Round "7"]
[White "Arbuzov, Mikhail"]
[Black "Burmakin, Vladimir"]
[Result "1/2-1/2"]
[WhiteElo "2198"]
[BlackElo "2508"]
[PlyCount "40"]
[EventDate "2019.08.14"]
[EventType "swiss"]
[EventRounds "9"]
[EventCountry "RUS"]
[SourceTitle "CBM 192"]
[Source "ChessBase"]
[SourceDate "2019.10.31"]
[SourceVersion "1"]
[SourceVersionDate "2019.10.31"]
[SourceQuality "1"]

1. d4 Nf6 2. c4 e6 3. Nc3 d5 4. cxd5 exd5 5. Bg5 c6 6. e3 Be7 7. Bd3 Nbd7 8. Qc2 Nf8 9. Nge2 Ne6 10. Bh4 g6 11. f3 0-0 12. Bf2 c5 13. dxc5 Bxc5 14. 0-0 Bd7 15. Bb5 Bxb5 16. Nxb5 Qb6 17. Nbd4 Rac8 18. Qd2 Bb4 19. Qd3 Be7 20. Qd2 Bb4 1/2-1/2

[Event "Chigorin Memorial 26th"]
[Site "St Petersburg"]
[Date "2018.11.04"]
[Round "9"]
[White "Arbuzov, Mikhail"]
[Black "Karasev, Vladimir I"]
[Result "1-0"]
[WhiteElo "2146"]
[BlackElo "2338"]
[PlyCount "113"]
[EventDate "2018.10.27"]
[EventType "swiss"]
[EventRounds "9"]
[EventCountry "RUS"]
[SourceTitle "CBM 187 Extra"]
[Source "ChessBase"]
[SourceDate "2018.11.04"]
[SourceVersion "1"]
[SourceVersionDate "2018.11.04"]
[SourceQuality "1"]

1. d4 Nf6 2. c4 d6 3. Nc3 e5 4. d5 Nbd7 5. e4 Nc5 6. f3 a5 7. Be3 Be7 8. Qd2 0-0 9. 0-0-0 a4 10. g4 Nfd7 11. h4 c6 12. Kb1 Qa5 13. Be2 Nb6 14. g5 Qb4 15. h5 Nxc4 16. Bxc4 Qxc4 17. Nh3 Bd7 18. Nf2 Ra6 19. Rdg1 Nb3 20. axb3 axb3 21. Qe2 Rfa8 22. Kc1 cxd5 23. exd5 Qc7 24. Kd2 b5 25. Rc1 Qb7 26. Ke1 b4 27. Nce4 Qxd5 28. Qd3 Qe6 29. Kf1 Ra2 30. Nd1 R2a5 31. Kg2 Rd5 32. Qxb3 Rb8 33. Ndf2 Ra5 34. Qxe6 Bxe6 35. Ra1 Rxa1 36. Rxa1 d5 37. Ng3 d4 38. Bd2 f5 39. gxf6 gxf6 40. Ra7 Kf8 41. Rc7 Ke8 42. Nge4 Kd8 43. Rc1 b3 44. Nc5 Bf7 45. h6 Bd5 46. Ba5+ Ke8 47. Na6 Bxf3+ 48. Kxf3 Rb7 49. Nc7+ Kf7 50. Nd5 Rb5 51. Nxe7 Rxa5 52. Nf5 Ra2 53. Nd3 Ra8 54. Ke4 Ra7 55. Rg1 Kf8 56. Rg7 Ra1 57. Nc5 1-0

[Event "Chigorin Memorial 26th"]
[Site "St Petersburg"]
[Date "2018.10.31"]
[Round "5"]
[White "Arbuzov, Mikhail"]
[Black "Yeritsyan, Aram"]
[Result "0-1"]
[WhiteElo "2146"]
[BlackElo "2325"]
[PlyCount "78"]
[EventDate "2018.10.27"]
[EventType "swiss"]
[EventRounds "9"]
[EventCountry "RUS"]
[SourceTitle "CBM 187 Extra"]
[Source "ChessBase"]
[SourceDate "2018.11.04"]
[SourceVersion "1"]
[SourceVersionDate "2018.11.04"]
[SourceQuality "1"]

1. d4 Nf6 2. c4 e6 3. Nc3 Bb4 4. e3 d5 5. Bd3 e5 6. dxe5 dxc4 7. Qa4+ Nc6 8. Bxc4 Ne4 9. Nge2 Nc5 10. Qc2 Nxe5 11. b3 Nxc4 12. bxc4 Qd3 13. Qxd3 Nxd3+ 14. Kf1 Be6 15. Nd5 0-0-0 16. e4 c6 17. Nef4 Nxf4 18. Bxf4 Bd6 19. Bxd6 Rxd6 20. e5 Rd7 21. Ne3 Rd2 22. g4 h5 23. h4 hxg4 24. Kg2 Rhd8 25. Kg3 R8d4 26. Rhe1 Re4 27. Red1 Rxd1 28. Rxd1 Rxe5 29. Nxg4 Bxg4 30. Kxg4 Re4+ 31. f4 Rxc4 32. Re1 Rd4 33. Re7 Rd7 34. Re8+ Kc7 35. Rg8 c5 36. Kf5 f6 37. Re8 c4 38. h5 b5 39. Re3 Kc6 0-1

[Event "Chigorin Memorial 26th"]
[Site "St Petersburg"]
[Date "2018.10.29"]
[Round "3"]
[White "Arbuzov, Mikhail"]
[Black "Nigmatov, Ortik"]
[Result "1/2-1/2"]
[WhiteElo "2146"]
[BlackElo "2456"]
[PlyCount "99"]
[EventDate "2018.10.27"]
[EventType "swiss"]
[EventRounds "9"]
[EventCountry "RUS"]
[SourceTitle "CBM 187 Extra"]
[Source "ChessBase"]
[SourceDate "2018.11.04"]
[SourceVersion "1"]
[SourceVersionDate "2018.11.04"]
[SourceQuality "1"]

1. d4 Nf6 2. c4 g6 3. f3 Bg7 4. e4 d6 5. Nc3 0-0 6. Be3 c5 7. d5 e6 8. Qd2 exd5 9. cxd5 a6 10. a4 Re8 11. Nge2 Nbd7 12. Nc1 Ne5 13. Be2 Nh5 14. 0-0 f5 15. N1a2 Bd7 16. exf5 gxf5 17. Bg5 Qb6 18. Bh6 Bxh6 19. Qxh6 Ng7 20. Rab1 c4+ 21. Kh1 Rac8 22. Qd2 Rc7 23. f4 Ng4 24. Bxg4 fxg4 25. Rbe1 Bf5 26. Rxe8+ Nxe8 27. Re1 Nf6 28. Nc1 h5 29. Re3 Kf7 30. N1e2 Bd3 31. Nc1 h4 32. Nxd3 cxd3 33. f5 Qc5 34. Rxd3 Re7 35. Rd4 Re5 36. Rf4 Nxd5 37. Ne4 Qc6 38. Rxg4 Rxf5 39. Ng5+ Ke7 40. Nf3 h3 41. Qe1+ Kd7 42. Rg7+ Kd8 43. Nd4 hxg2+ 44. Rxg2 Qd7 45. Rg8+ Kc7 46. Nxf5 Qxf5 47. Rg3 Kb8 48. Rg8+ Kc7 49. Rg7+ Kb8 50. Rg8+ 1/2-1/2

[Event "Chigorin Memorial 26th"]
[Site "St Petersburg"]
[Date "2018.10.28"]
[Round "2"]
[White "Arbuzov, Mikhail"]
[Black "Pershin, Denis"]
[Result "1-0"]
[WhiteElo "2146"]
[BlackElo "2397"]
[PlyCount "61"]
[EventDate "2018.10.27"]
[EventType "swiss"]
[EventRounds "9"]
[EventCountry "RUS"]
[SourceTitle "CBM 187 Extra"]
[Source "ChessBase"]
[SourceDate "2018.11.04"]
[SourceVersion "1"]
[SourceVersionDate "2018.11.04"]
[SourceQuality "1"]

1. d4 d5 2. c4 c6 3. Nc3 Nf6 4. e3 e6 5. Nf3 Nbd7 6. Qc2 Bd6 7. Bd3 0-0 8. 0-0 dxc4 9. Bxc4 a6 10. Rd1 b5 11. Be2 Qc7 12. e4 e5 13. Bg5 exd4 14. Rxd4 Re8 15. a3 c5 16. Rdd1 Qb8 17. Bxf6 Nxf6 18. Rxd6 Qxd6 19. e5 Qe6 20. exf6 b4 21. Ng5 Qf5 22. Nce4 h6 23. Bc4 Kf8 24. Bxf7 Rd8 25. Bg6 b3 26. Qc3 Qd5 27. fxg7+ Ke7 28. Qf6+ Kd7 29. Nf7 Re8 30. Nfd6 Re7 31. Qf5+ 1-0

[Event "St Petersburg Korchnoi Memorial op"]
[Site "St Petersburg"]
[Date "2018.08.21"]
[Round "7"]
[White "Dmitriev, Vladimir"]
[Black "Arbuzov, Mikhail"]
[Result "1/2-1/2"]
[WhiteElo "1993"]
[BlackElo "2135"]
[PlyCount "129"]
[EventDate "2018.08.15"]
[EventType "swiss"]
[EventRounds "9"]
[EventCountry "RUS"]
[SourceTitle "CBM 186 Extra"]
[Source "ChessBase"]
[SourceDate "2018.08.24"]
[SourceVersion "1"]
[SourceVersionDate "2018.08.24"]
[SourceQuality "1"]

1. e4 c5 2. Nc3 Nc6 3. g3 g6 4. Bg2 Bg7 5. Nge2 d6 6. h3 Rb8 7. a4 e6 8. 0-0 Nge7 9. d3 0-0 10. f4 b6 11. g4 f5 12. Ng3 Qd7 13. Kh1 Bb7 14. gxf5 exf5 15. Nd5 Na5 16. c3 fxe4 17. dxe4 Bxd5 18. exd5 Nf5 19. Nxf5 Qxf5 20. Re1 Rbe8 21. Re6 Kh8 22. Rxd6 Nb3 23. Ra3 c4 24. Rc6 Qb1 25. Rxb3 cxb3 26. d6 Qc2 27. Qg1 Rc8 28. Rxc8 Rxc8 29. d7 Rd8 30. Qe1 Qf5 31. Qe8+ Qf8 32. Qe6 Bf6 33. Be3 Qe7 34. Bd5 Qxe6 35. Bxe6 Kg7 36. a5 bxa5 37. Bxa7 a4 38. Bc5 Ra8 39. Kg2 Bd8 40. Kf3 Kf6 41. Bc4 Ra5 42. Bb4 Ra7 43. Bb5 Ke6 44. Ke4 h6 45. c4 Be7 46. Bc3 a3 47. bxa3 Rxa3 48. c5 b2 49. Bxb2 Ra5 50. d8Q Bxd8 51. Bc4+ Kd7 52. Kd5 Bc7 53. Bc3 Ra3 54. Bb5+ Kc8 55. Be5 Rxh3 56. Ba6+ Kd8 57. Bf6+ Ke8 58. Bb5+ Kf7 59. Be5 Rh5 60. Be2 Rf5 61. Bg4 Rxe5+ 62. fxe5 Ke7 63. e6 h5 64. Be2 Bg3 65. c6 1/2-1/2

[Event "St Petersburg Korchnoi Memorial op"]
[Site "St Petersburg"]
[Date "2018.08.19"]
[Round "5"]
[White "Bajarani, Ulvi"]
[Black "Arbuzov, Mikhail"]
[Result "1/2-1/2"]
[WhiteElo "2425"]
[BlackElo "2135"]
[PlyCount "143"]
[EventDate "2018.08.15"]
[EventType "swiss"]
[EventRounds "9"]
[EventCountry "RUS"]
[SourceTitle "CBM 186 Extra"]
[Source "ChessBase"]
[SourceDate "2018.08.24"]
[SourceVersion "1"]
[SourceVersionDate "2018.08.24"]
[SourceQuality "1"]

1. d4 Nf6 2. Bg5 e6 3. e4 h6 4. Bxf6 Qxf6 5. c3 d6 6. Bd3 Nd7 7. Ne2 g6 8. 0-0 Bg7 9. Nd2 Qe7 10. f4 0-0 11. e5 b6 12. Be4 Rb8 13. Bc6 Bb7 14. Bxb7 Rxb7 15. Nc4 Rd8 16. Qe1 Rbb8 17. Rd1 f5 18. exf6 Nxf6 19. Ng3 Qf7 20. Ne5 Qe8 21. Nf3 c5 22. Ne4 Qe7 23. Nxf6+ Qxf6 24. Qe4 Qf5 25. Rfe1 Qxe4 26. Rxe4 Kf7 27. Kf2 Rb7 28. Rde1 Re7 29. g3 Rde8 30. g4 Bh8 31. Kg3 Bg7 32. R4e2 Bh8 33. Kg2 Bg7 34. Rd1 Rd7 35. b3 Bh8 36. b4 cxb4 37. cxb4 Rde7 38. Rde1 b5 39. Kg3 Bg7 40. Re3 Bh8 41. Ra3 Rc8 42. Rae3 Rce8 43. R1e2 Bg7 44. Ra3 Rc8 45. Rae3 Rce8 46. h3 Bh8 47. Re4 Bg7 48. Rc2 Rd7 49. Rc6 Rb8 50. Re2 Rbb7 51. Rec2 Rb8 52. Kf2 Bf6 53. h4 Bd8 54. Ke3 Bb6 55. Rc8 Rd8 56. Rxb8 Rxb8 57. Ke4 Ke7 58. Ne1 Rf8 59. Nd3 Kd7 60. Rc1 Rf7 61. a3 Rf8 62. Ne1 Rf7 63. Nf3 Rf8 64. Rc2 Rf7 65. Rh2 Rg7 66. Ne1 Rg8 67. Rc2 Rf8 68. Nd3 Rf7 69. Rc1 Rf8 70. Rc3 Bd8 71. g5 h5 72. Ne1 1/2-1/2

[Event "St Petersburg Korchnoi Memorial op"]
[Site "St Petersburg"]
[Date "2018.08.16"]
[Round "2"]
[White "Arbuzov, Mikhail"]
[Black "Savitskiy, Sergey"]
[Result "1/2-1/2"]
[WhiteElo "2135"]
[BlackElo "2418"]
[PlyCount "66"]
[EventDate "2018.08.15"]
[EventType "swiss"]
[EventRounds "9"]
[EventCountry "RUS"]
[SourceTitle "CBM 186 Extra"]
[Source "ChessBase"]
[SourceDate "2018.08.24"]
[SourceVersion "1"]
[SourceVersionDate "2018.08.24"]
[SourceQuality "1"]

1. d4 d5 2. c4 dxc4 3. e3 e5 4. Bxc4 Nc6 5. Nf3 e4 6. Nfd2 Qg5 7. g3 Nf6 8. Nc3 Bb4 9. d5 Bxc3 10. dxc6 Bxd2+ 11. Bxd2 b6 12. Qb3 Qg6 13. h3 0-0 14. 0-0-0 a6 15. Kb1 b5 16. Bd5 a5 17. Bc3 b4 18. Bxf6 Qxf6 19. Bxe4 a4 20. Qxb4 a3 21. Qd4 Qxf2 22. Rd2 Qf6 23. Qxf6 gxf6 24. Bd5 Kg7 25. g4 f5 26. Rg1 fxg4 27. hxg4 axb2 28. Kxb2 Ra4 29. e4 Ba6 30. Rc1 Bc8 31. Rg1 Ba6 32. Rc1 Bc8 33. Rg1 Ba6 1/2-1/2

[Event "Yaroslav the Wise op"]
[Site "Yaroslavl"]
[Date "2018.07.28"]
[Round "9"]
[White "Blinkov, Pavel Vladimir"]
[Black "Arbuzov, Mikhail"]
[Result "1-0"]
[WhiteElo "2288"]
[BlackElo "2148"]
[PlyCount "153"]
[EventDate "2018.07.20"]
[EventType "swiss"]
[EventRounds "9"]
[EventCountry "RUS"]
[SourceTitle "CBM 186 Extra"]
[Source "ChessBase"]
[SourceDate "2018.08.24"]
[SourceVersion "1"]
[SourceVersionDate "2018.08.24"]
[SourceQuality "1"]

1. d4 Nf6 2. c4 g6 3. Nc3 Bg7 4. e4 0-0 5. Nf3 d6 6. Be2 e5 7. d5 Nh5 8. g3 Nd7 9. 0-0 Nhf6 10. Rb1 Nc5 11. Nd2 a5 12. b3 Bd7 13. a3 b6 14. Qc2 Qe7 15. b4 Nb7 16. Nb3 a4 17. Nd2 Ne8 18. Bb2 f5 19. exf5 gxf5 20. f4 Nf6 21. Rbe1 e4 22. Nd1 Qf7 23. Rf2 Rfe8 24. Ne3 Kh8 25. Ndf1 Ng8 26. Bd1 Nh6 27. Rd2 Bxb2 28. Qxb2+ Qg7 29. Qc1 Ng8 30. Nc2 Nf6 31. Nfe3 Qg6 32. Nd4 Rg8 33. Rg2 Rg7 34. Qc3 h5 35. Kf2 Ng4+ 36. Bxg4 hxg4 37. Rh1 Kg8 38. h4 Qh5 39. Rc1 Re8 40. Ke1 Qf7 41. Rd2 Ra8 42. Kd1 Rh7 43. Kc2 Re8 44. Kb1 Ra8 45. Rcc2 Re8 46. Qb2 Ra8 47. Rc1 Re8 48. Qc2 Ra8 49. Re1 Rg7 50. Nd1 Rh7 51. Nc3 Qe8 52. Ndb5 Qc8 53. Kb2 Be8 54. Nxa4 Bxb5 55. cxb5 Nd8 56. Nc3 Qd7 57. a4 Qg7 58. Kb3 Qf6 59. Ne2 Re7 60. Nd4 Qf7 61. Qc4 Re8 62. Re3 Ra7 63. Ra2 Ra8 64. Rc3 Ra7 65. Nc2 Nb7 66. Ne3 Rea8 67. Qd4 Nd8 68. h5 Kh7 69. h6 Rb7 70. Nxf5 c5 71. bxc6 Nxc6 72. Qxe4 Re8 73. Qd3 Na5+ 74. bxa5 bxa5+ 75. Kc2 Re2+ 76. Qxe2 Qxd5 77. Rb2 1-0

[Event "Yaroslav the Wise op"]
[Site "Yaroslavl"]
[Date "2018.07.27"]
[Round "8"]
[White "Arbuzov, Mikhail"]
[Black "Ponikarovsky, Alexey"]
[Result "1-0"]
[WhiteElo "2148"]
[BlackElo "2029"]
[PlyCount "39"]
[EventDate "2018.07.20"]
[EventType "swiss"]
[EventRounds "9"]
[EventCountry "RUS"]
[SourceTitle "CBM 186 Extra"]
[Source "ChessBase"]
[SourceDate "2018.08.24"]
[SourceVersion "1"]
[SourceVersionDate "2018.08.24"]
[SourceQuality "1"]

1. d4 d5 2. c4 e6 3. Nf3 Nf6 4. Nc3 c6 5. e3 Be7 6. Qc2 0-0 7. Bd3 dxc4 8. Bxc4 c5 9. 0-0 Nc6 10. dxc5 Bxc5 11. a3 a6 12. b4 Bd6 13. Rd1 Qe7 14. Bb2 b5 15. Bd3 Bb7 16. Ne4 Nxe4 17. Bxe4 f5 18. Bxc6 Rac8 19. Nd4 Be5 20. Qb3 1-0

[Event "Yaroslav the Wise op"]
[Site "Yaroslavl"]
[Date "2018.07.26"]
[Round "7"]
[White "Sadovsky, Artem"]
[Black "Arbuzov, Mikhail"]
[Result "1-0"]
[WhiteElo "2402"]
[BlackElo "2148"]
[PlyCount "47"]
[EventDate "2018.07.20"]
[EventType "swiss"]
[EventRounds "9"]
[EventCountry "RUS"]
[SourceTitle "CBM 186 Extra"]
[Source "ChessBase"]
[SourceDate "2018.08.24"]
[SourceVersion "1"]
[SourceVersionDate "2018.08.24"]
[SourceQuality "1"]

1. c4 e5 2. g3 Nc6 3. Bg2 g6 4. Nc3 Bg7 5. d3 Nge7 6. Rb1 0-0 7. b4 d6 8. b5 Nd4 9. e3 Ne6 10. Nge2 Rb8 11. 0-0 Bd7 12. a4 c5 13. f4 b6 14. Bb2 Nc7 15. Qd2 Be6 16. Ne4 f6 17. Rbe1 h6 18. Qc1 Qd7 19. d4 exd4 20. exd4 f5 21. Nd2 Bf7 22. dxc5 dxc5 23. Bd4 Bf6 24. Bxf6 1-0

[Event "Yaroslav the Wise op"]
[Site "Yaroslavl"]
[Date "2018.07.23"]
[Round "4"]
[White "Mischeryakov, Alexey"]
[Black "Arbuzov, Mikhail"]
[Result "0-1"]
[WhiteElo "1919"]
[BlackElo "2148"]
[PlyCount "118"]
[EventDate "2018.07.20"]
[EventType "swiss"]
[EventRounds "9"]
[EventCountry "RUS"]
[SourceTitle "CBM 186 Extra"]
[Source "ChessBase"]
[SourceDate "2018.08.24"]
[SourceVersion "1"]
[SourceVersionDate "2018.08.24"]
[SourceQuality "1"]

1. e4 c5 2. Nf3 g6 3. d4 cxd4 4. Nxd4 Bg7 5. c4 Nc6 6. Be3 d6 7. Nc3 Nf6 8. Be2 0-0 9. 0-0 Bd7 10. f4 Rc8 11. Nxc6 Bxc6 12. Bf3 a6 13. Rc1 b5 14. cxb5 axb5 15. Qb3 Qd7 16. h3 e5 17. Rcd1 Bh6 18. Bc5 dxc5 19. Rxd7 Nxd7 20. Nd5 Bxd5 21. Qxd5 Nb6 22. Qxe5 Nc4 23. Qf6 Bg7 24. Qa6 Bd4+ 25. Kh1 Nxb2 26. Qxb5 Rb8 27. Qd7 Rfd8 28. Qg4 Nd3 29. Qh4 Rd7 30. f5 Rb2 31. fxg6 hxg6 32. Bg4 Ra7 33. Qd8+ Kg7 34. e5 Nf2+ 35. Kh2 Bxe5+ 36. Kg1 Bd4 37. Kh2 Raxa2 38. Qe7 Nxg4+ 39. hxg4 Rxg2+ 40. Kh3 Rh2+ 41. Kg3 Rag2+ 42. Kf3 Rd2 43. Kg3 Rdg2+ 44. Kf3 Rf2+ 45. Rxf2 Rxf2+ 46. Kg3 Rc2 47. Kf3 Rc3+ 48. Kf4 c4 49. Qe4 Rd3 50. Qe2 Bf6 51. g5 Bc3 52. Qc2 Bd2+ 53. Ke4 Re3+ 54. Kd5 c3 55. Kd6 Re6+ 56. Kd7 Re5 57. Qd3 Rxg5 58. Qd4+ Kh7 59. Ke8 Rf5 0-1

[Event "RUS GP rap"]
[Site "Serpukhov"]
[Date "2018.02.23"]
[Round "3"]
[White "Arbuzov, Mikhail"]
[Black "Ermolaev, Evgeny"]
[Result "1-0"]
[WhiteElo "2055"]
[BlackElo "2304"]
[PlyCount "125"]
[EventDate "2018.02.23"]
[EventType "swiss (rapid)"]
[EventRounds "11"]
[EventCountry "RUS"]
[SourceTitle "CBM 183 Extra"]
[Source "ChessBase"]
[SourceDate "2018.04.19"]
[SourceVersion "1"]
[SourceVersionDate "2018.04.19"]
[SourceQuality "1"]

1. d4 Nf6 2. c4 c5 3. d5 g6 4. Nc3 Bg7 5. e4 d6 6. f3 0-0 7. Be3 e6 8. Qd2 exd5 9. cxd5 Na6 10. Bd3 Nc7 11. Nge2 Rb8 12. a4 Na6 13. 0-0 Nb4 14. Bc4 Re8 15. Nc1 Nd7 16. Nd3 Nxd3 17. Bxd3 Ne5 18. Be2 f5 19. h3 b6 20. Rab1 Nf7 21. Bd3 a6 22. b4 c4 23. Bc2 b5 24. a5 Bd7 25. Bd4 Bxd4+ 26. Qxd4 f4 27. Ne2 g5 28. Kh2 Ne5 29. g3 Qf6 30. g4 Kf7 31. Kg2 Rh8 32. Rh1 h5 33. Rbf1 Rh6 34. Qa7 Rbh8 35. Nd4 hxg4 36. hxg4 Rxh1 37. Rxh1 Rxh1 38. Kxh1 Qh6+ 39. Kg2 Qh4 40. Nf5 Qe1 41. Nxd6+ Kf6 42. Nf5 Bxf5 43. gxf5 Qg3+ 44. Kf1 Qxf3+ 45. Ke1 Qh1+ 46. Kd2 Qg2+ 47. Kc1 f3 48. Qb6+ Kg7 49. Qc7+ Nf7 50. f6+ Kh6 51. Qxf7 f2 52. Bd1 g4 53. Qg7+ Kh5 54. Qh7+ Kg5 55. Qg7+ Kh4 56. f7 f1Q 57. f8Q Qxf8 58. Qxf8 Qxe4 59. Qh6+ Kg3 60. Qd2 Qe5 61. Kb1 Qd6 62. Kb2 Kh3 63. Bc2 1-0